| 000 | 00430nam a22001817a 4500 | ||
|---|---|---|---|
| 999 |
_c532533 _d532533 |
||
| 003 | NUST | ||
| 005 | 20191125105345.0 | ||
| 008 | 191125b ||||| |||| 00| 0 eng d | ||
| 020 | _a9385039083 | ||
| 024 | _a978-9385039089 | ||
| 038 | _aMSOHAIL | ||
| 082 | _a0 | ||
| 100 |
_a Rangwala _926113 |
||
| 245 | _aBridge Engineering | ||
| 260 |
_aIndia _bCharotar Publishing House Pvt _cc2012 |
||
| 300 | _ap;352 | ||
| 942 |
_2ddc _cBK |
||